Τα μυστήρια της Κεφαλονιάς

Αποθηκεύτηκε σε:
Λεπτομέρειες βιβλιογραφικής εγγραφής
Κύριος συγγραφέας: Λασκαράτος, Ανδρέας, 1811-1901
Μορφή: Βιβλίο
Γλώσσα:Greek
Δημοσίευση: Αθήνα : Εκδόσεις Πέλλα Θ. Παπαδόπουλος, [198-]
Θέματα:
Ετικέτες: Προσθήκη ετικέτας
Δεν υπάρχουν, Καταχωρήστε ετικέτα πρώτοι!

MARC

LEADER 00000cam a2200000 a 4500
001 1/120516
008 191212s198u####gr | ||| |||| ||gre||
040 |a GR-MyUa  |b gre  |c GR-MyUa  |e AACR2 
041 0 |a gre 
082 7 |a 398.09495  |2 (23) 
100 1 |a Λασκαράτος, Ανδρέας,   |d 1811-1901. 
245 1 3 |a Τα μυστήρια της Κεφαλονιάς /   |c Ανδρέα Λασκαράτου.  
260 |a Αθήνα :   |b Εκδόσεις Πέλλα Θ. Παπαδόπουλος,   |c [198-] 
300 |a 190 σ. ;   |c 21 εκ.  
650 0 |a Folklore  |z Greece. 
651 0 |a Greece  |x Social life and customs. 
852 |a INST  |b SAMOS  |e 20191212  |h 398.09495 ΛΑΣ  |p 005300046198  |q 005300046198  |t BK  |y 0 
920 |a Τσάγκος   |b Γεράσιμος  |y Σάμος  |z 2009-10 
970 |a Γουβάλα  |b Βάσω  |z 12-12-2019